000 00432nam a22001697a 4500
003 OSt
005 20211028102818.0
008 211028b |||||||| |||| 00| 0 eng d
020 _a0-87041-220-5
040 _aDDC
_cHU
082 _21ST
_a614.4
_b1
100 _aH.H.FUNDENBERG
_915977
245 _aBASIC AND CLINICAL IMMUNOLOGY
250 _a1ST
260 _aLOS ALTOS
_b LANGE MEDICAL PUBLICATIONS
_c1976
942 _2ddc
_cBOOKS
_n0
999 _c15449
_d15449